00345nam a2200121Ia 4500008004100000082002000041100001500061245003300076260004200109365000600151630003300157730003300190100415s9999 xx 000 0 und d b10723a580(547) aBlatter E aThe Flora of the Indus Delta aMADASc1929bINDIAN BOTANICAL SOCIETY b0 aThe Flora of the Indus Delta aThe Flora of the Indus Delta